Literary translation / (Record no. 14)

000 -LEADER
fixed length control field 00759nam a22002177a 4500
005 - DATE AND TIME OF LATEST TRANSACTION
control field 20251027105603.0
008 - FIXED-LENGTH DATA ELEMENTS--GENERAL INFORMATION
fixed length control field 230621b ||||| |||| 00| 0 eng d
020 ## - INTERNATIONAL STANDARD BOOK NUMBER
International Standard Book Number 978-0-415-74532-1
040 ## - CATALOGING SOURCE
Transcribing agency NMSCST
082 ## - DEWEY DECIMAL CLASSIFICATION NUMBER
Classification number 418.04
Item number W93 2016
100 ## - MAIN ENTRY--PERSONAL NAME
Personal name Wright, Chantal.
245 ## - TITLE STATEMENT
Title Literary translation /
Statement of responsibility, etc. Chantal Wright.
260 ## - PUBLICATION, DISTRIBUTION, ETC.
Place of publication, distribution, etc. Milton Park, Abingdon, Oxon ; New York, NY :
Name of publisher, distributor, etc. Routledge,
Date of publication, distribution, etc. 2016.
300 ## - PHYSICAL DESCRIPTION
Extent xii, 181 pages
440 ## - SERIES STATEMENT/ADDED ENTRY--TITLE
Title (Routledge translation guides).
500 ## - GENERAL NOTE
General note Includes bibliographical references and index.
650 ## - SUBJECT ADDED ENTRY--TOPICAL TERM
Topical term or geographic name entry element Translating and interpreting--Study and teaching.
Topical term or geographic name entry element Translating and interpreting--Handbooks, manuals, etc.
Topical term or geographic name entry element Translating and interpreting--Theory, etc.
942 ## - ADDED ENTRY ELEMENTS
Source of classification or shelving scheme
Item type CIRCULATION BOOK
Holdings
Withdrawn status Lost status Source of classification or shelving scheme Damaged status Not for loan Collection code Permanent Location Current Location Shelving location Date acquired Fund Source RFID Tag Total Checkouts Full call number Barcode Date last seen Copy number Price effective from Item type
          NON-FICTION COLLEGE LIBRARY COLLEGE LIBRARY RESERVED SECTION 2023-06-21 Purchased 9610   418.04 W93 2016 c.1 9610 2023-06-21 c.1 2023-06-21 CIRCULATION BOOK
          NON-FICTION COLLEGE LIBRARY COLLEGE LIBRARY RESERVED SECTION 2023-06-21 Purchased 9611   418.04 W93 2016 c.2 9611 2023-06-21 c.2 2023-06-21 CIRCULATION BOOK
          NON-FICTION COLLEGE LIBRARY COLLEGE LIBRARY RESERVED SECTION 2023-06-21 Purchased 9612   418.04 W93 2016 c.3 9612 2023-06-21 c.3 2023-06-21 CIRCULATION BOOK
          NON-FICTION COLLEGE LIBRARY COLLEGE LIBRARY RESERVED SECTION 2023-06-21 Purchased 9613   418.04 W93 2016 c.4 9613 2023-06-21 c.4 2023-06-21 CIRCULATION BOOK